East-West MRT Line (Singapore) - Statistics

General Stats
  • This quiz has been taken 118 times
  • The average score is 29 of 35
Answer Stats
Hint Answer % Correct
EW 13 (NS 25) City Hall
92%
EW 14 (NS 26) Raffles Place
92%
EW 16 (NE 3 & TE 17) Outram Park
90%
EW 8 (CC 9) Paya Lebar
90%
EW 12 (DT 14) Bugis
89%
EW 24 (NS 1 & JE 5) Jurong East
89%
EW 33 Tuas Link
89%
EW 23 (CR 17) Clementi
88%
EW 19 Queenstown
88%
EW 2 (DT 32) Tampines
88%
CG 2 Changi Airport
86%
EW 18 Redhill
86%
EW 21 (CC 22) Buona Vista
85%
EW 1 (CR 5 & CP 1) Pasir Ris
85%
EW 3 Simei
85%
EW 5 Bedok
83%
EW 25 Chinese Garden
83%
EW 22 Dover
83%
EW 4 (CG) Tanah Merah
83%
EW 15 Tanjong Pagar
83%
EW 27 (JS 8) Boon Lay
82%
EW 20 Commonwealth
82%
CG 1 (DT35 Expo
82%
EW 6 Kembangan
82%
EW 10 Kallang
81%
EW 26 Lakeside
81%
EW 17 Tiong Bahru
81%
EW 7 Eunos
79%
EW 11 Lavender
79%
EW 9 Aljunied
78%
EW 29 Joo Koon
78%
EW 30 Gul Circle
76%
EW 28 Pioneer
74%
EW 32 Tuas West Road
68%
EW 31 Tuas Cresent
46%
No matching quizzes found
Score Distribution
Percent of People with Each Score
Percentile by Number Answered
Your Score History
You have not taken this quiz